LDR 00692naa#a2200169#i#450# 001 EN\FGKOU VO SPBU MVD ROSSII\bibl\113770 005 20260704023732.6 011 ## _a2227-7226 100 ## _a20260630b2026####ek#y0engy0150####ca 102 ## _aRU 200 1# _aTypology of control in the system of guarantees for ensuring the legality of operational investigative activities _eJournal article 210 1# _aSt. Petersburg _cSAINT-PETERSBURG UNIVERSITY OF THE MINISTRY OF INTERNAL AFFAIRS OF THE RUSSIAN FEDERATION _d2026 215 ## _a5 с. 608 ## _aJournal article _2local 675 ## _aИсточники позитивного права. 340.130 _z 700 #1 _aShashin _gDaniil Georgievich 856 4# _avestnikkf.ru _u